000 00971cam a2200313 a 4500
999 _c233100
_d233100
001 16631036
003 Nust
005 20170302102639.0
008 110131s2010 enk 000 1 eng
010 _a 2010525536
020 _a9780593059807 (pbk.)
040 _aDLC
_cDLC
042 _apcc
043 _ae-uk-en
050 0 0 _aPR6073.I246
_bM56 2010c
082 0 0 _a823.914
_bKIN
100 1 _aKinsella, Sophie.
245 1 0 _aMini shopaholic /
_cSophie Kinsella.
260 _aLondon :
_bBantam Press,
_c2010.
300 _a392 p. ;
_c24 cm.
650 0 _aBloomwood, Becky (Fictitious character)
_vFiction.
650 0 _aMothers and daughters
_vFiction.
650 0 _aShopping
_vFiction.
651 0 _aLondon (England)
_vFiction.
655 7 _aChristmas stories.
_2gsafd
655 7 _aHumorous fiction.
_2gsafd
906 _a7
_bcbc
_corignew
_d2
_encip
_f20
_gy-gencatlg
942 _2ddc
_cBK